000 00305nam a2200121Ia 4500
005 20251222153612.0
008 251222s9999||||xx |||||||||||||| ||spa||
082 _a348.6/P72
245 0 _aJurisprudencia Sistematizada:
250 _a1ra. ed.
264 _bFondo Editorial del Poder Judicial
942 _cLIB
999 _c31636
_d31636